000 00670nam a2200205Ii 4500
003 JO-AjNU
008 230606s9999||||xx |||||||||||||| ||und||
020 _a0-538-87180-6
040 _aJO-AjNU
_beng
_erda
_cJO-AjNU
041 _aeng
050 1 4 _aHF5657.4 .I57 1997
100 3 _aIngram,Robert W / Albright,Thomas L / Hill,John W,
_eauthor
_93373
245 0 0 _aManagerial Information for Decisions Accounting
264 3 1 _aCincinnati, Ohio: College Division, South-Western Pub. Co,1997
300 _a216P
336 _atext
_btxt
_2rdacontent
337 _aunmediated
_bn
_2rdamedia
338 _avolume
_bnc
_2rdacarrier
650 4 _aManagerial Information
_93374
999 _aE1762
_c1762
_d1762